Violações dos direitos de crianças e adolescentes na mídia : (Record no. 312)
[ view plain ]
| 000 -LÍDER | |
|---|---|
| Campo Fixo de Controle | 00789nam a22002417a 4500 |
| 001 - NÚMERO DE CONTROLE | |
| Campo de Controle | 312 |
| 003 - IDENTIFICAÇÃO DO NÚMERO DE CONTROLE | |
| Campo de Controle | BR-CuiBMT |
| 005 - DATA E HORA DA ÚLTIMA ATUALIZAÇÃO | |
| Campo de Controle | 20230929140818.0 |
| 008 - DADOS FIXOS | |
| Dados Fixos | 230929b2021 mgbaaaa 000 0 por d |
| 020 ## - INTERNATIONAL STANDARD BOOK NUMBER | |
| Nº do ISBN | 9786555182170 |
| 040 ## - AGÊNCIA CATALOGADORA | |
| Código da Agência Catalogadora | BR-CuiBMT |
| Agência que transcreveu o registro | BR-CuiBMT |
| 080 ## - Nº DA CLASSIFICAÇÃO DECIMAL UNIVERSAL | |
| Nº edição CDU | 2007 |
| Nº Class. CDU | 000 |
| 090 ## - NÚMERO DE CHAMADA | |
| Nº classificação | 000 |
| Cutter | F363v |
| 100 10 - ENTRADA PRINCIPAL -- AUTOR PESSOAL | |
| Nome pessoal | Fernandes, Rômulo Magalhães |
| 245 00 - TÍTULO PRINCIPAL | |
| Título principal | Violações dos direitos de crianças e adolescentes na mídia : |
| Subtítulo | programas policialescos e a classificação indicativa no Brasil / |
| Indicação de responsabilidade | Rômulo Magalhães Fernandes |
| 260 ## - PUBLICAÇÃO, DISTRIBUIÇÃO, ETC. | |
| Local de publicação | Belo Horizonte : |
| Editora | Fórum, |
| Data | 2021. |
| 300 ## - DESCRIÇÃO FÍSICA | |
| N. páginas ou volumes | 306 p. : |
| Ilustrações | il. ; |
| Dimensões | 22 cm |
| 504 ## - NOTA DE BIBLIOGRAFIA, ETC. | |
| Nota de bibliografia | Inlcui bibliografia. |
| 650 ## - ASSUNTO TÓPICO | |
| Cabeçalho tópico ou nome geográfico | Direitos humanos |
| 650 ## - ASSUNTO TÓPICO | |
| Cabeçalho tópico ou nome geográfico | Direito de crianças e adolescentes |
| 650 ## - ASSUNTO TÓPICO | |
| Cabeçalho tópico ou nome geográfico | Direito constitucional |
| 942 ## - ELEMENTOS DE ENTRADA ADICIONAIS (KOHA) | |
| Fonte de classificação ou esquema de arquivamento | Classificação Decimal Universal |
| Tipo de item do Koha | Livros |
No items available.